| 000 | 01690nam0a2200361 4500 | ||
|---|---|---|---|
| 001 | RU\NLR\BIBL_A\022634062 | ||
| 005 | 20260420054210.0 | ||
| 010 |
_a978-5-235-05270-3 _92000 |
||
| 021 |
_aRU _bКН-П-25-048864 _9КН-П-25-4727 |
||
| 035 | _a(NLR Aleph) 022634062 | ||
| 090 |
_a13684935 _c13684935 |
||
| 100 | _a20251001d2025 u y0rusy50 ca | ||
| 101 | 0 | _arus | |
| 102 | _aRU | ||
| 105 | _aach z 000zb | ||
| 181 | 0 |
_ai3 _baxxe |
|
| 182 | 0 | _an | |
| 200 | 1 |
_aАльберт Лиханов _fОльга Кузьмина |
|
| 203 |
_aТекст _bвизуальный _cнепосредственный |
||
| 210 |
_aМосква _cМолодая гвардия _d2025 |
||
| 215 |
_a414, [1] с., [16] л. ил., портр., факс. _cил., факс. _d21 |
||
| 225 | 1 |
_aЖизнь замечательных людей _eсерия биографий _fоснована в 1890 году Ф. Павленковым и продолжена в 1933 году М. Горьким _vвып. 2276 (2076) |
|
| 320 | _aБиблиогр.: с. 410-411 и в подстроч. примеч. | ||
| 333 | _a12+ | ||
| 600 | 1 |
_aЛиханов _bА.А. _f1935 - 2021 _gАльберт Анатольевич _9955046 _3RU\NLR\AUTH\66355765 |
|
| 686 | 1 | _aЧ33(2)7-8Лиханов | |
| 686 | 3 | _aШ9(2)1=Р7-4Лиханов | |
| 700 | 1 |
_7ca _8rus _aКузьмина _bО. И. _cжурналист _f1969- _gОльга Игоревна _9241155 _3RU\NLR\AUTH\770241211 |
|
| 702 | 1 |
_4280 _7ca _8rus _aЛиханов _bА. А. _f1935-2021 _gАльберт Анатольевич _93860 _3RU\NLR\AUTH\7720794 |
|
| 942 | _cBOOK | ||
| 980 | _aNB | ||